00354 a2200157 450000100060000002000180000604000370002410000180006124000190007924500140009830000080011236200090012065000430012994200070017299900170017975497 a9788550300672 cAnchieta - Colégio São Paulo aWells, Martha10aStar Warslpor10aStar Wars a3420 a2017 4aFicção norte-americana em inglês cBK c75497d75497